Statistics for The Wanted - Glad You Came - Lyrics

Click here to take the quiz!

General Stats

  • This quiz has been taken 1,822 times
  • The average score is 27 of 39

Answer Stats

Hint Answer % Correct
the ___ ____ downsun goes
97%
I'm ____ ___ ____glad you came
95%
my ________ will never be the sameuniverse
94%
___ _____ come outthe stars
93%
and ___ ____ countsall that
93%
is here ___ ___and now
90%
you ____ _ _____ on me, spell on mecast a spell
83%
you hit me like the sky ____ __ __, ____ __ __fell on me fell on me
81%
so lets go somewhere no one else ___ ___, ___ ___ __can see you and me
80%
make you glad ___ ____you came
78%
now I'll take ___ __ ___ ____you by the hand
77%
my universe ____ _____ __ the samewill never be
77%
drink __ __ ___ ___it if you can
77%
can you spend _ ______ ____a little time
77%
the _____ ____ outstars come
76%
and _ _______ ___ look well on me, well on meI decided you
75%
__ ____ ___ ____I'm glad you came
75%
is ____ ___ nowhere and
71%
____ ___ another drinkhand you
68%
you cast _ _____ __ __, _____ __ __a spell on me spell on me
68%
____ __ ________ awaytime is slipping
66%
away from us __ ____so stay
62%
you hit me like ___ ___ ____ __ __, ____ __ __the sky fell on me fell on me
62%
turn ___ ______ ___ nowthe lights out
62%
____ ____ __ i can makestay with me
60%
and I decided ___ ____ ____ __ __, ____ __ __you look well on me well on me
59%
so lets go _________ __ ___ ____ ___ __, ___ ___ __somewhere no one else can see you and me
54%
_____ __ __ ___ candrink it if you
50%
____ ___ ______ ___ nowturn the lights out
45%
____ ___ _______ drinkhand you another
45%
___ ___ ____ ___ by the handnow I'll take you
44%
___ ___ _____ _ little timecan you spend a
43%
____ ___ ____ ___ ____make you glad you came
39%
____ ____ __ so stayaway from us
38%

Score Distribution

Percentile by Number Answered

Percent of People with Each Score

Your Score History

You have not taken this quiz